[Event "Wch U08"]
[Site "Montesilvano"]
[Date "2024.11.26"]
[Round "11"]
[White "Senthilkumar, Tharveen"]
[Black "Nguyen, Thanh San"]
[Result "1-0"]
[WhiteElo "1411"]
[BlackElo "1493"]
[PlyCount "68"]
[EventDate "2024.11.15"]
[EventType "swiss"]
[EventRounds "11"]
[EventCountry "ITA"]
[SourceTitle "CB48_2024"]
[SourceDate "2024.11.28"]
[SourceVersion "1"]
[SourceVersionDate "2024.11.28"]
[SourceQuality "1"]

1. e4 c5 2. Nc3 d6 3. f4 Nc6 4. Nf3 Nf6 5. Bb5 Bd7 6. Bc4 a6 7. a4 Qc7 8. 0-0 h6 9. Re1 e5 10. f5 Nd4 11. Nd5 Nxd5 12. Bxd5 Bc6 13. Bxc6+ Qxc6 14. Nxd4 cxd4 15. d3 Rc8 16. Re2 Be7 17. b3 Bf6 18. Ra2 Ke7 19. Bd2 Rh7 20. Qb1 Bg5 21. Bxg5+ hxg5 22. Qc1 f6 23. g3 d5 24. Qe1 Rch8 25. c4 dxc3 26. exd5 Qc5+ 27. Re3 c2 28. d4 Qxd4 29. Rxc2 Kd8 30. Qc1 Qb6 31. Kh1 Kd7 32. Rec3 Qd4 33. Rc7+ Kd6 34. R2c6+ Kxd5 1-0